00568nam a2200181Ia 4500001002100000003000900021008004100030040002300071041001300094100001900107245002700126250001500153260002700168300001900195490003000214501012400244520001800368265.1-BAT ba (18249)IT-MiSPE171229s9999||||xx |||||||||||||| ||und|| aIT-MiSPEcIT-MiSPE aITALIANO aRuggero Iorio  0aBattesimo e battisteri a1a ed. (v) aFirenzebNardinic1993 a194 p. c21 cm aBiblioteca patristicav22 aEdizioni San Paolo srl - Piazza Soncino, 5 - 20092 CINISELLO BALSAMO (MI) (non commercial uses only) ® Copyright 2018 aEd. trilingue